000 00503nam a2200205Ia 4500
003 OSt
005 20230502114921.0
008 210423s2012 xx 000 0 und d
020 _a9780070669024
040 _cAL
041 _aeng
082 _a658.4034
_223
_bIYEP
100 _aIYER (P Sankara).
_995919
245 _aOperations research.
260 _aNew Delhi
_bTata McGraw-hill
_c2012
300 _axv,288
_bPB
365 _b385
_cINR
906 _aOperations ; research.
942 _2ddc
_cBK
999 _c161441
_d161441